| 000 | 01845nam a2200301 i 4500 | ||
|---|---|---|---|
| 001 | 15858 | ||
| 003 | DO-SdUEMH | ||
| 005 | 20260219141021.0 | ||
| 007 | ta | ||
| 008 | 211105s2004||||dr a|||gr|||| 0|| |dspa d | ||
| 020 | _a9993497290 | ||
| 040 |
_aDO-SdUEMH _bspa _erda |
||
| 041 | _aspa | ||
| 082 | 1 | 4 |
_aRD 597.097293 R789N _mRD _bR789 |
| 084 | _b13-00118 | ||
| 100 | 1 |
_aRosario Ramírez, F. Benjamín _eaut |
|
| 245 |
_aNociones Básicas Sobre Ictiología Dominicana / _cF. Benjamín Rosario Ramírez |
||
| 260 | _c2004 | ||
| 264 | 1 |
_aSanto Domingo, República Dominicana : _c2004 |
|
| 300 |
_a78 páginas : _bilustraciones ; _c20 cm. |
||
| 336 |
_2rdacontent _atexto _btxt |
||
| 337 |
_2rdamedia _asin mediación _bn |
||
| 338 |
_2rdacarrier _avolumen _bnc |
||
| 504 | _aContiene Información Bibliográfica a Final de la Obra. | ||
| 505 | 2 | _aEstudio evolutivo -- Evolución taxonómica -- Condrichthyes -- Osteichthyes (Teleostei) -- Regiones del cuerpo de los peces -- Elasmobranchii -- Región cefálica -- Región troncal -- Región caudal -- Teleósteos -- Región cefálica -- Región troncal -- Región caudal -- Diferentes formas de los peces -- Escamas en los peces -- Clasificación de las escamas de los peces -- Caracteres básicos de la clasificación -- Sistema digestivo y forma de alimentación en los peces -- Sistema digestivo -- Forma de alimentación -- Forma de respiración en los peces -- Reproducción y excreción en los peces -- Reproducción en los elasmobranquios -- Circulación sanguínea en peces -- Órganos de los sentidos en los peces -- Inventario de la ictiofauna endémica y nativa -- Ictiofauna dulceacuícola -- Especies ícticas eurihalinas o estuarinas -- Lista de especies ictiológicas eurihalinas -- Raíces, prefijos y sufijos de origen griego y latino. | |
| 942 |
_2ddc _cBK _n0 |
||
| 999 |
_c15858 _d15858 |
||